000 00705nam a2200217 4500
003 OSt
005 20240610061600.0
006 a
008 240610b |||||||| |||| 00| 0 eng d
020 _a9789719515128
040 _aDWCL-Main lib.
_cOC
082 _aFil. 200.92 R788c 2012
100 _aRosales, Antonio Maria
245 _aConversations with Maria Clara (Sor Maria Pia de Santa Clara, OSC) /
260 _aCebu City, Phils. :
_bFriars Minor Southern Phils.,
_cc2012.
300 _axvii,
_b121 p. ;
_c23 cm.
650 _a1. Religious women–Sta. Clara, Sor Maria Pia de.
650 _a2. Maria Clara–Filipino saint.
700 _aAntonio Maria Rosales
942 _2ddc
_n0
_cBK-CIRC
_kCirc.
999 _c465
_d465